[Event "Crawley e2e4 Gatwick op U1650"]
[Site "Crawley"]
[Date "2016.05.29"]
[Round "5"]
[White "MacDonald, John"]
[Black "Share, Stan Rs"]
[Result "0-1"]
[WhiteElo "1517"]
[BlackElo "1555"]
[PlyCount "170"]
[EventDate "2016.05.27"]
[EventType "swiss"]
[EventRounds "7"]
[EventCountry "ENG"]
[SourceTitle "EXT 2019"]
[Source "ChessBase"]
[SourceDate "2018.10.10"]
[SourceVersion "1"]
[SourceVersionDate "2018.10.10"]
[SourceQuality "1"]

1. e4 c5 2. Nf3 Nc6 3. d4 cxd4 4. Nxd4 d6 5. Bc4 Nf6 6. Nc3 e5 7. Nde2 Be7 8. h3 0-0 9. Ng3 a6 10. Be3 b5 11. Bb3 Bd7 12. 0-0 Rc8 13. Nh5 Nxh5 14. Qxh5 Be6 15. Nd5 Bxd5 16. Bxd5 Nb4 17. Bb3 Nxc2 18. Rac1 Nxe3 19. Rxc8 Qxc8 20. fxe3 g6 21. Qf3 Qe8 22. Qg4 Qd8 23. g3 Kg7 24. h4 h5 25. Qf3 f5 26. exf5 Rxf5 27. Qd5 Rxf1+ 28. Kxf1 Qf8+ 29. Kg2 Qe8 30. Qe6 Qf8 31. Bd5 Kh6 32. Be4 Qf6 33. Qg8 Qg7 34. Qc8 g5 35. Qe6+ Qf6 36. hxg5+ Kxg5 37. Qg8+ Kh6 38. Qh7+ Kg5 39. Bf3 Qe6 40. Qxh5+ Kf6 41. g4 Kg7 42. Be4 Qh6 43. Qf5 Qg5 44. Qh7+ Kf8 45. Bf5 Qg7 46. Qh3 Bg5 47. Qf3 Qf6 48. Qa8+ Kg7 49. Qb7+ Qe7 50. Qxa6 Bxe3 51. Qxb5 Kh6 52. a4 Qh4 53. Qe2 Bf4 54. Qf3 Qh2+ 55. Kf1 Kg5 56. Qg2 Qh8 57. b4 e4 58. Qxe4 Qa1+ 59. Kg2 Qb2+ 60. Qc2 Qxb4 61. Bd7 Qd2+ 62. Qxd2 Bxd2 63. Kf3 d5 64. Ke2 Bc3 65. Kd3 d4 66. Ke4 Kf6 67. Kd5 d3 68. Kc4 d2 69. g5+ Kxg5 70. Bb5 d1Q 71. Kxc3 Kf6 72. Kb4 Qd2+ 73. Kc5 Qa5 74. Kc4 Ke7 75. Kc5 Kd8 76. Kc4 Kc7 77. Kd5 Kb6 78. Kd6 Qd2+ 79. Ke6 Qg5 80. Kd6 Qf5 81. Ke7 Qg6 82. Kd7 Qf6 83. Ke8 Kc7 84. Bc4 Kd6 85. Bb5 Qe7# 0-1

[Event "Crawley e2e4 Gatwick op U1650"]
[Site "Crawley"]
[Date "2016.05.28"]
[Round "2"]
[White "Bullock, Lee"]
[Black "MacDonald, John"]
[Result "1-0"]
[WhiteElo "1556"]
[BlackElo "1517"]
[PlyCount "55"]
[EventDate "2016.05.27"]
[EventType "swiss"]
[EventRounds "7"]
[EventCountry "ENG"]
[SourceTitle "EXT 2019"]
[Source "ChessBase"]
[SourceDate "2018.10.10"]
[SourceVersion "1"]
[SourceVersionDate "2018.10.10"]
[SourceQuality "1"]

1. e4 c5 2. d4 cxd4 3. c3 d3 4. Bxd3 Nc6 5. Nf3 d6 6. Bc4 e6 7. 0-0 g6 8. Bf4 Nf6 9. Qe2 Be7 10. Rd1 Nh5 11. Bh6 Bf6 12. Na3 a6 13. g4 Bg7 14. Bg5 f6 15. Be3 b5 16. Nxb5 axb5 17. Bxb5 Bd7 18. Rxd6 Bf8 19. Rxc6 Bxc6 20. Bxc6+ Kf7 21. Rd1 Qb8 22. Rd7+ Kg8 23. Bxa8 Qxa8 24. gxh5 Qxe4 25. h6 e5 26. Rd8 Kf7 27. Nd2 Qf5 28. Qc4+ 1-0

[Event "Crawley e2e4 Gatwick op U1650"]
[Site "Crawley"]
[Date "2016.05.28"]
[Round "3"]
[White "MacDonald, John"]
[Black "Verma, Shlok"]
[Result "1-0"]
[WhiteElo "1517"]
[BlackElo "1208"]
[PlyCount "43"]
[EventDate "2016.05.27"]
[EventType "swiss"]
[EventRounds "7"]
[EventCountry "ENG"]
[SourceTitle "EXT 2019"]
[Source "ChessBase"]
[SourceDate "2018.10.10"]
[SourceVersion "1"]
[SourceVersionDate "2018.10.10"]
[SourceQuality "1"]

1. e4 e6 2. d4 d5 3. e5 c5 4. c3 Nc6 5. Nf3 Qb6 6. Bd3 Bd7 7. dxc5 Bxc5 8. 0-0 Qc7 9. Bf4 Nge7 10. Bg3 0-0 11. Bxh7+ Kh8 12. Bc2 g6 13. Nbd2 d4 14. Ne4 Qb6 15. Nxc5 Qxc5 16. cxd4 Qb6 17. Qd2 Kg7 18. Bh4 Nd5 19. Bb3 Nc7 20. Bf6+ Kh7 21. Qf4 Ne8 22. Qh4+ 1-0

[Event "Sunningdale e2e4 op U1800 05"]
[Site "Sunningdale"]
[Date "2013.05.26"]
[Round "4"]
[White "Crouch, Timothy J"]
[Black "MacDonald, John"]
[Result "0-1"]
[WhiteElo "1623"]
[BlackElo "1564"]
[PlyCount "76"]
[EventDate "2013.05.25"]
[EventType "swiss"]
[EventRounds "7"]
[EventCountry "ENG"]
[SourceTitle "EXT 2014"]
[Source "ChessBase"]
[SourceDate "2013.11.20"]
[SourceVersion "1"]
[SourceVersionDate "2013.11.20"]
[SourceQuality "1"]

1. d4 Nf6 2. Nf3 g6 3. Bg5 Bg7 4. Qc1 h6 5. Bxf6 Bxf6 6. e4 Bg7 7. Bd3 0-0 8. 0-0 d6 9. h3 Nd7 10. Re1 c5 11. c3 a6 12. Nbd2 b5 13. d5 Bb7 14. c4 bxc4 15. Nxc4 Rb8 16. Rb1 Bc8 17. Qd2 Nf6 18. Na5 Qc7 19. Nc4 e6 20. e5 dxe5 21. dxe6 Bxe6 22. Nfxe5 Rbd8 23. Qc2 Nd5 24. a3 Nf4 25. Bf1 Bf5 26. Qc1 Bxb1 27. Qxb1 Rde8 28. Qc1 Rxe5 29. Qxf4 Re7 30. Qc1 Rfe8 31. Rxe7 Qxe7 32. Qc2 Bd4 33. b3 Qe1 34. a4 Re6 35. Qd2 g5 36. g3 Qxd2 37. Nxd2 Rf6 38. Ne4 Rf5 0-1

[Event "Amersham e2e4 Major op"]
[Site "Amersham"]
[Date "2012.05.20"]
[Round "5"]
[White "MacDonald, John"]
[Black "Osiyemi, Lara"]
[Result "0-1"]
[WhiteElo "1654"]
[BlackElo "1639"]
[PlyCount "76"]
[EventDate "2012.05.18"]
[EventType "swiss"]
[EventRounds "5"]
[EventCountry "ENG"]
[SourceTitle "EXT 2014"]
[Source "ChessBase"]
[SourceDate "2013.11.20"]
[SourceVersion "1"]
[SourceVersionDate "2013.11.20"]
[SourceQuality "1"]

1. e4 c5 2. Nf3 d6 3. d4 cxd4 4. Nxd4 Nf6 5. Nc3 a6 6. Bc4 e6 7. Bb3 b5 8. 0-0 Be7 9. f4 Qc7 10. f5 e5 11. Nde2 Qc5+ 12. Kh1 0-0 13. Ng3 Bb7 14. Qe2 Nc6 15. Be3 Nd4 16. Qd3 Ng4 17. Bg1 Rad8 18. Rad1 Bh4 19. Nce2 Bxg3 20. Nxg3 d5 21. c3 dxe4 22. Nxe4 Qc6 23. cxd4 Qxe4 24. Qxe4 Bxe4 25. h3 Nh6 26. dxe5 Nxf5 27. Bf2 a5 28. Rde1 Bd3 29. Rg1 a4 30. Bd1 Rfe8 31. g4 Nd4 32. Rg3 Bc4 33. Re4 Bd5 34. Rge3 Rxe5 35. Kh2 Bxe4 36. Re1 Ree8 37. Bxd4 Rxd4 38. Kg3 Bc6 0-1

[Event "Amersham e2e4 Major op"]
[Site "Amersham"]
[Date "2012.05.19"]
[Round "2"]
[White "MacDonald, John"]
[Black "Smith, Chris P"]
[Result "1-0"]
[WhiteElo "1654"]
[BlackElo "1350"]
[PlyCount "151"]
[EventDate "2012.05.18"]
[EventType "swiss"]
[EventRounds "5"]
[EventCountry "ENG"]
[SourceTitle "EXT 2014"]
[Source "ChessBase"]
[SourceDate "2013.11.20"]
[SourceVersion "1"]
[SourceVersionDate "2013.11.20"]
[SourceQuality "1"]

1. e4 e6 2. d4 d5 3. e5 b6 4. c3 Qd7 5. Nd2 Ne7 6. Ne2 Ng6 7. g3 c5 8. Bg2 cxd4 9. cxd4 Nc6 10. a3 Ba6 11. Nf3 Be7 12. 0-0 Bxe2 13. Qxe2 Rc8 14. Be3 Na5 15. Rfc1 0-0 16. Nd2 Qa4 17. Qd3 Rc6 18. Bf1 Rxc1 19. Rxc1 Qd7 20. Qc3 Bd8 21. b4 Nb7 22. Qc6 Qxc6 23. Rxc6 Ne7 24. Rc1 b5 25. Bxb5 Bb6 26. a4 a5 27. Ba6 Rb8 28. Bg5 Kf8 29. Bxe7+ Kxe7 30. Rc6 Nd8 31. Rd6 axb4 32. Bb5 Rb7 33. Nb3 f6 34. f4 Nf7 35. Rc6 Nd8 36. exf6+ gxf6 37. Rc8 Rc7 38. Rxc7+ Bxc7 39. a5 Bb8 40. Kg2 Kd6 41. Kf3 e5 42. fxe5+ fxe5 43. dxe5+ Kxe5 44. Bd3 h6 45. Kg4 Nf7 46. Kh5 Kf6 47. Bb1 Ba7 48. a6 Be3 49. Na5 Nd6 50. Nc6 b3 51. a7 Bxa7 52. Nxa7 Nc4 53. Nb5 Kg7 54. Nd4 b2 55. Nf5+ Kh7 56. Nxh6+ Kg7 57. Kg5 Nd2 58. Nf5+ Kf7 59. Ba2 b1Q 60. Bxb1 Nxb1 61. h4 Nd2 62. h5 Ne4+ 63. Kf4 Nxg3 64. Nxg3 Kf6 65. Ke3 Ke5 66. Kd3 d4 67. h6 Kf6 68. Kxd4 Kg6 69. Nf5 Kh7 70. Ke5 Kg6 71. Ke6 Kh7 72. Kf6 Kh8 73. Kg6 Kg8 74. Nd6 Kh8 75. Nf7+ Kg8 76. h7+ 1-0